00704 a2200169 4500952012500000999001500125020001800140050002100158100004200179245009500221264003200316300005000348500001900398650005700417700003200474942002800506 001040708NFICaLLbLLcGENd2021-06-10i029002l0oK3240.4 ROU 2017p029002r2021-06-10 00:00:00tc.1w2021-06-10yBK c9294d9294 a9781472438652 aK3240.4 ROU 2017 a Blanck, Peter David, d1957-eauthor aRoutledge Handbook of Disability Law and Human Rights /cPeter Blanck and Ellinoir Flynn  aLondon:bRoutledge, c2016. a1 online resource , 280 pages : illustrations aincludes index aPeople with disabilities -- Legal status, laws, etc. aFlynn, EilioniĖĪr, d1986 - 2lcccBKh3240.4iROUkK